| 000 | 00678nam a2200241Ia 4500 | ||
|---|---|---|---|
| 003 | OSt | ||
| 005 | 20221007075152.0 | ||
| 006 | a|||||r|||| 00| 0 | ||
| 007 | ta | ||
| 008 | 221006b |||||||| |||| 00| 0 eng d | ||
| 024 | _a8,927 | ||
| 037 | _cReference Collections | ||
| 040 |
_aFLL _cFLL _beng |
||
| 041 |
_2eng _aeng |
||
| 082 | _aD854:(G:55).2, N2 | ||
| 100 |
_aShukla S.K. Au. _9693583 |
||
| 245 | 0 | _aPollution control | |
| 260 |
_aNew Delhi _bCommonwealth pub. India _c1992 |
||
| 300 |
_a288p _ccm. |
||
| 650 |
_aPollution control _9693584 |
||
| 942 |
_hD854:(G:55).2, N2 _cREF _2CC |
||
| 999 |
_c1155058 _d1155058 |
||